Эпоха Куликова поля. Преподобные Сергий Радонежский, Кирилл Белозерский, святой благоверный князь Дмитрий Иванович Донской, их соратники и современники (Запись № 4074492)
[ простой вид ]
| 000 -МАРКЕР | |
|---|---|
| контрольное поле | 03853nam0a2200457 i 4500 |
| 001 - ИДЕНТИФИКАТОР ЗАПИСИ | |
| контрольное поле | RU\NLR\bibl\1991315 |
| 005 - ИДЕНТИФИКАТОР ВЕРСИИ | |
| контрольное поле | 20260408092238.0 |
| 010 ## - МЕЖДУНАРОДНЫЙ СТАНДАРТНЫЙ НОМЕР КНИГИ (ISBN) | |
| Номер (ISBN) | 9785903108190 |
| Тираж | 100 |
| 021 ## - НОМЕР ГОСУДАРСТВЕННОЙ РЕГИСТРАЦИИ | |
| Код страны | Российская Федерация |
| Номер | 2012-100537 |
| Номер Листа государственной регистраци | 7417 |
| 035 ## - ДРУГИЕ СИСТЕМНЫЕ НОМЕРА | |
| Идентификатор записи | (nilc)RuMoRGB-006510875 |
| 035 ## - ДРУГИЕ СИСТЕМНЫЕ НОМЕРА | |
| Идентификатор записи | (NLR Aleph) 001979839 |
| 100 ## - ДАННЫЕ ОБЩЕЙ ОБРАБОТКИ | |
| Данные общей обработки | 20131026d2012 k y0rusy50 ca |
| 101 0# - ЯЗЫК РЕСУРСА | |
| Язык текста, звукозаписи и т.д. | русский |
| 102 ## - СТРАНА ПУБЛИКАЦИИ ИЛИ ПРОИЗВОДСТВА | |
| Страна публикации | Российская Федерация |
| 105 ## - ПОЛЕ КОДИРОВАННЫХ ДАННЫХ: ТЕКСТОВЫЕ МАТЕРИАЛЫ, МОНОГРАФИЧЕСКИЕ | |
| Кодированные данные о монографическом текстовом документе | a ||||||||| |
| 200 1# - ЗАГЛАВИЕ И СВЕДЕНИЯ ОБ ОТВЕТСТВЕННОСТИ | |
| Основное заглавие | Эпоха Куликова поля. Преподобные Сергий Радонежский, Кирилл Белозерский, святой благоверный князь Дмитрий Иванович Донской, их соратники и современники |
| Сведения, относящиеся к заглавию | победители и лауреаты Российского межрегионального литературного и художественного конкурса, посвященного эпохе Сергия Радонежского, Дмитрия Донского и 575-летию памяти преподобного Кирилла Белозерского |
| Первые сведения об ответственности | ред.-сост.: П.К. Рожнова |
| 210 ## - ПУБЛИКАЦИЯ, РАСПРОСТРАНЕНИЕ И ДР. | |
| Место издания, распространения и т.д. | Москва |
| Имя издателя, распространителя и т. д. | ГБУК г. Москвы "ЦУНБ им. Н.А. Некрасова" |
| Дата издания, распространения и т.д. | 2012 |
| 215 ## - ФИЗИЧЕСКАЯ ХАРАКТЕРИСТИКА | |
| Специфическое обозначение материала и объем | 123 с. |
| Другие сведения о физической характеристике | цв. ил. |
| Размеры | 28 |
| 300 ## - ОБЩИЕ ПРИМЕЧАНИЯ | |
| Текст примечания | В надзаг.: Гос. бюджет. учреждение культуры г. Москвы "Центр. универс. науч. б-ка им. Н.А. Некрасова", Моск. гос. объед. музей-заповедник "Коломенское-Измайлово-Лефортово-Люблино", Храм Рождества Богородицы в Старом Симонове |
| 320 ## - ПРИМЕЧАНИЯ О НАЛИЧИИ В ДОКУМЕНТЕ БИБЛИОГРАФИИ / УКАЗАТЕЛЯ | |
| Текст примечания | Библиогр. в подстроч. примеч. |
| 517 0# - ДРУГИЕ ВАРИАНТЫ ЗАГЛАВИЯ | |
| Вариант заглавия | Преподобные Сергий Радонежский, Кирилл Белозерский, святой благоверный князь Дмитрий Иванович Донской, их соратники и современники |
| 606 1# - НАИМЕНОВАНИЕ ТЕМЫ КАК ПРЕДМЕТ | |
| Наименование темы | Куликовская битва |
| Тематический подзаголовок | в художественной литературе |
| Хронологический подзаголовок | 1380 |
| Системный номер авторитетной/нормативной записи | 2153348 |
| Идентификатор авторитетной/нормативной записи | RU\NLR\auth\661601324 |
| 606 1# - НАИМЕНОВАНИЕ ТЕМЫ КАК ПРЕДМЕТ | |
| Наименование темы | Куликовская битва |
| Тематический подзаголовок | Творческие работы школьников |
| Хронологический подзаголовок | 1380 |
| Системный номер авторитетной/нормативной записи | 2516196 |
| Идентификатор авторитетной/нормативной записи | RU\NLR\AUTH\661491315 |
| 607 ## - ГЕОГРАФИЧЕСКОЕ НАИМЕНОВАНИЕ КАК ПРЕДМЕТ | |
| Географическое наименование | Древняя Русь |
| Тематический подзаголовок | Творческие работы школьников |
| Системный номер авторитетной/нормативной записи | 2166859 |
| Идентификатор авторитетной/нормативной записи | RU\NLR\AUTH\6601540479 |
| 686 2# - ИНДЕКСЫ ДРУГИХ КЛАССИФИКАЦИЙ | |
| Индекс | Ш6(2=Р)8-94 |
| 686 1# - ИНДЕКСЫ ДРУГИХ КЛАССИФИКАЦИЙ | |
| Индекс | Ч421.385.35 |
| 702 #1 - ИМЯ ЛИЦА - ВТОРИЧНАЯ ОТВЕТСТВЕННОСТЬ | |
| Начальный элемент ввода | Рожнова |
| Часть имени, кроме начального элемента ввода | П. К. |
| Расширение инициалов личного имени | Полина Константиновна |
| Код отношения | Составитель |
| 702 #0 - ИМЯ ЛИЦА - ВТОРИЧНАЯ ОТВЕТСТВЕННОСТЬ | |
| Код отношения | Прочие |
| Материалы, к которым относится поле | rus |
| Графика поля | Кириллица |
| Начальный элемент ввода | Сергий Радонежский |
| Дополнения к именам, кроме дат | Варфоломей Кириллович |
| Даты | ок.1321-1391 |
| Идентификатор авторитетной/нормативной записи | RU\NLR\AUTH\779265 |
| Системный номер авторитетной/нормативной записи | 119105 |
| 702 #0 - ИМЯ ЛИЦА - ВТОРИЧНАЯ ОТВЕТСТВЕННОСТЬ | |
| Код отношения | Прочие |
| Материалы, к которым относится поле | rus |
| Графика поля | Кириллица |
| Начальный элемент ввода | Кирилл Белозерский |
| Дополнения к именам, кроме дат | архимандрит |
| Даты | 1337-1427 |
| Идентификатор авторитетной/нормативной записи | RU\NLR\AUTH\7710519 |
| Системный номер авторитетной/нормативной записи | 120287 |
| 702 #0 - ИМЯ ЛИЦА - ВТОРИЧНАЯ ОТВЕТСТВЕННОСТЬ | |
| Код отношения | Прочие |
| Материалы, к которым относится поле | rus |
| Графика поля | Кириллица |
| Начальный элемент ввода | Димитрий Донской |
| Дополнения к именам, кроме дат | великий князь московский и владимирский |
| Даты | 1350-1389 |
| Идентификатор авторитетной/нормативной записи | RU\NLR\AUTH\7710395 |
| Системный номер авторитетной/нормативной записи | 120172 |
| 711 12 - НАИМЕНОВАНИЕ ОРГАНИЗАЦИИ - АЛЬТЕРНАТИВНАЯ ОТВЕТСТВЕННОСТЬ | |
| Начальный элемент ввода | "Эпоха Куликова поля. Преподобные Сергий Радонежский, Кирилл Белозерский, святой благоверный князь Дмитрий Иванович Донской, их соратники и современники", российский межрегиональный литературный и художественный конкурс |
| Дата проведения временной организации | 2012 |
| Место проведения временной организации | Москва |
| Идентификатор авторитетной/нормативной записи | RU\NLR\AUTH\8810231656 |
| Системный номер авторитетной/нормативной записи | 348308 |
| 801 #0 - ИСТОЧНИК ЗАПИСИ | |
| Страна | Российская Федерация |
| Организация | RuMoRKP |
| Дата составления | 20130114 |
| Правила каталогизации | RCR |
| 801 #2 - ИСТОЧНИК ЗАПИСИ | |
| Страна | Российская Федерация |
| Организация | РГБ |
| Дата составления | 20130125 |
| Правила каталогизации | rcr |
| 801 #1 - ИСТОЧНИК ЗАПИСИ | |
| Страна | Российская Федерация |
| Организация | RuMoRKP |
| Дата составления | 20130114 |
| Источник данных | rusmarc |
| 801 #2 - ИСТОЧНИК ЗАПИСИ | |
| Страна | Российская Федерация |
| Организация | NLR |
| Дата составления | 20130123 |
| Правила каталогизации | rcr |
| 942 ## - ДОПОЛНИТЕЛЬНЫЕ ЭЛЕМЕНТЫ ЗАПИСИ (АБИС) | |
| Тип экземпляра АБИС | Книга |
| 980 ## - КОЛЛЕКЦИЯ | |
| Название коллекции | НБР |
Нет доступных экземпляров.